| 000 | 00596nam a22002057a 4500 | ||
|---|---|---|---|
| 999 |
_c2429 _d2429 |
||
| 003 | OSt | ||
| 005 | 20241202103109.0 | ||
| 008 | 230512b ||||| |||| 00| 0 eng d | ||
| 020 | _a9781398374003 | ||
| 022 | _29781398374003 | ||
| 040 | _cKH8 | ||
| 082 | _a570 BIO | ||
| 110 | _aHodder Education | ||
| 245 |
_aEthics of human-induced evolution: _bHuman activities force animal adaptations |
||
| 260 |
_aUK: _bHodder Education, _c2023. |
||
| 440 |
_aBiological sciences review; _nApril 2023 _pno. 4 _vvol. 35 |
||
| 650 | _a Biology -- Periodicals | ||
| 650 | _aBiology Serials | ||
| 942 |
_2ddc _cTR |
||